000 00327nam a22001337a 4500
005 20240130112943.0
008 240130b |||||||| |||| 00| 0 eng d
020 _a81-204-0405-X
041 _aeng
245 _aHOW TO READ A BALANCE SHEET
260 _aNEW DELHI
_bOXFORD PUBLISHING HOUSE
_c1985
300 _a213;p
942 _cBK
999 _c8500
_d8498